| 000 | 02021nam a2200553 i 4500 | ||
|---|---|---|---|
| 001 | 34181 | ||
| 003 | KOSZ 005 | ||
| 005 | 20220215120645.0 | ||
| 008 | 220215s1998 pl a f 001 0 pol | ||
| 015 | _aUWD 2000/5847 | ||
| 020 | _a8371581297 | ||
| 035 | _a991009011629705066 | ||
| 035 | _a(PL-WaBN)b12351647-48omnis_nlop | ||
| 035 | _ab12351647 | ||
| 035 | _a(OCoLC)750545542 | ||
| 035 | _a(PL)b0000001235164 | ||
| 035 | _a(EXLNZ-48OMNIS_NETWORK)9910011977505606 | ||
| 040 |
_aWA N _cWA N _dKOSZ 005/RW |
||
| 046 | _k1998 | ||
| 080 | _a005 | ||
| 080 | _a004.03 | ||
| 080 | _a(075.8) | ||
| 100 | 1 |
_aAdamczewski, Piotr _eAutor |
|
| 245 | 1 | 0 |
_aZintegrowane systemy informatyczne w praktyce / _cPiotr Adamczewski. |
| 260 |
_aWarszawa : _b"Mikom", _c1998. |
||
| 300 |
_a160 stron : _bilustracje ; _c24 cm. |
||
| 336 |
_aTekst _btxt _2rdacontent |
||
| 337 |
_aBez urządzenia pośredniczącego _bn _2rdamedia |
||
| 338 |
_aWolumin _bnc _2rdacarrier |
||
| 380 | _aKsiążki | ||
| 380 | _aPublikacje fachowe | ||
| 380 | _aPublikacje dydaktyczne | ||
| 385 |
_mPoziom nauczania _aSzkoły wyższe |
||
| 388 | 1 | _a1901-2000 | |
| 388 | 1 | _a1989-2000 | |
| 490 | 1 | _aKomputer w Firmie | |
| 504 | _aBibliografia na stronach [151]-155. Indeks. | ||
| 521 | 8 | _aKsiążka przeznaczona jest dla kadry kierowniczej przedsiębiorstw, informatyków oraz studentów informatyki i zarządzania oraz tych wszystkich, którzy są zainteresowani unowocześnianiem polskich przedsiębiorstw. | |
| 650 | 7 |
_aSystemy informatyczne zarządzania _2DBN |
|
| 650 | 7 |
_aZintegrowane systemy informatyczne _2DBN |
|
| 655 | 7 |
_aPodręczniki akademickie _2DBN |
|
| 658 | _aInformatyka i technologie informacyjne | ||
| 658 | _aZarządzanie i marketing | ||
| 710 | 2 |
_aWydawnictwo Mikom _4pbl |
|
| 830 | 0 | _aKomputer w Firmie | |
| 856 |
_uhttp://koha.tu.koszalin.pl/cgi-bin/koha/opac-detail.pl?biblionumber=34181 _yKatalog online BPK |
||
| 942 |
_2UKD _cKS |
||
| 999 |
_c34181 _d34181 |
||